Self-sacrificing and/or overbearing : (Rekord nr 9303)
| 000 -ETYKIETA REKORDU | |
|---|---|
| podpole kontrolne o stałej długości | 00706naa a22001457i 4500 |
| 001 - NUMER KONTROLNY REKORDU | |
| podpole kontrolne | 9303 |
| 003 - IDENTYFIKATOR NUMERU KONTROLNEGO REKORDU | |
| podpole kontrolne | KOSZ 005 |
| 005 - DATA OSTATNIEJ MODYFIKACJI REKORDU | |
| podpole kontrolne | 20180327105420.0 |
| 008 - POLE O STAŁEJ DŁUGOŚCI - DANE KONTROLNE | |
| podpole kontrolne o stałej długości | 180323s2013 pl ||||f |||| 00| 0 eng |
| 040 ## - ŹRÓDŁO KATALOGOWANIA | |
| Instytucja, która sporządziła opis | KOSZ 005/AR |
| Instytucja, która utworzyła rekord | KOSZ 005/AR |
| 100 1# - NAZWA OSOBOWA | |
| Nazwa osobowa | GASZTOLD, Brygida. |
| Instytucja | Politechnika Koszalińska - Instytut Neofilologii i Komunikacji Społecznej, |
| Wydział | Zakład Filologii Angielskiej |
| Lata pracy | 1993 - . |
| 245 10 - TYTUŁ/ODPOWIEDZIALNOŚĆ | |
| Tytuł | Self-sacrificing and/or overbearing : |
| Pozostałe elementy strefy tytułu i oznaczenia odpowiedzialności | Brygida Gasztold. |
| Ciąg dalszy tytułu | the Jewish mother in the cultural imagination / |
| 773 0# - TYTUŁ DOKUMENTU MACIERZYSTEGO | |
| Wyrażenie wprowadzające | W : |
| Tytuł | Scripta Judaica Cracoviensia : studia z historii, kultury i religii Żydów. - |
| Adres wydawniczy | Kraków : Wydaw. Uniwersytetu Jagiellońskiego. - |
| Informacje dotyczące relacji | 2013, 11, s. 161-174 |
| ISSN | 1733-5760 |
| 942 ## - HASŁO DODATKOWE - ELEMENTY(KOHA) | |
| Schemat klasyfikacji | Uniwersalna klasyfikacja dziesiętna |
| Typ dokumentu | Po 2012 |
Brak dostępnych egzemplarzy.
